=LDR 00000nam 2200000 4500 =001 NUTBA000000000004351 =005 20250217095620 =035 ##$$a 0010-091400000000384 =008 250217################g##########0#ind## =020 ##$$a 978-602-217-175-1 =040 ##$$a NBPDMAT =082 ##$$a 540.76 =084 ##$$a 540.76 Sai s =245 ##$$a Sains Kimia SMA / MA Kelas XI /$c Sri Rahayu Ningsih, Tine Maria Kuswati, Ratih, Etty Sofyatingrum =250 ##$$a Cet. 1 =260 ##$$a Jakarta :$b Bumi Aksara,$c 2010 =300 ##$$a 282 hlm. : $b ilus. ; $c 27 cm. =650 #4$$a Kimia-SMA-soal,dsb =700 #$$a Sri Rahayu Ningsih =990 ##$$a 21410527 =990 ##$$a 21410528 =990 ##$$a 21410529 =990 ##$$a 21410530 =990 ##$$a 21410531 =990 ##$$a 0001/BPAP-NTB/2015